000 00552nam a2200181 4500
001 144555
003 ES-MaACL
005 20250814063232.0
007 t|
008 070214s1952 sp r ||||1| spa d
100 1 _aSimenon, Georges,
_d1903-1989
_9106467
245 1 3 _aEl blanco con gafas /
_cGeorges Simenon ; traducción de F. Cañameras.
260 _aBarcelona :
_bAymá,
_c1952.
300 _a198 p. ;
_c19 cm.
700 1 _aCanyameres, Ferran,
_d1898-1964
_934731
852 _aES-MaACL
_jD-8886
_bR.33951
999 _c144555
_d144555